[Event "EU-Cup 35th"]
[Site "Budva"]
[Date "2019.11.10"]
[Round "1.3"]
[White "Esipenko, Andrey"]
[Black "Harff, Marcel"]
[Result "1-0"]
[WhiteElo "2636"]
[BlackElo "2362"]
[Annotator "Ftacnik,L"]
[PlyCount "63"]
[EventDate "2019.11.10"]
[EventType "team-swiss"]
[EventRounds "7"]
[EventCountry "MNE"]
[SourceTitle "CBM 193 Extra"]
[Source "ChessBase"]
[SourceDate "2020.01.31"]
[SourceVersion "1"]
[SourceVersionDate "2020.01.31"]
[SourceQuality "1"]
[WhiteTeam "Molodezka"]
[BlackTeam "Eupen"]
[WhiteTeamCountry "RUS"]
[BlackTeamCountry "BEL"]

{[%evp 0,71,25,19,19,-16,-16,-16,30,15,25,3,-8,1,7,-1,13,12,16,5,5,5,33,11,1,
-27,-6,-14,-4,11,12,-9,29,34,34,22,73,19,20,4,40,40,41,33,41,7,25,11,11,22,38,
38,53,63,96,78,59,60,54,25,67,235,616,687,838,875,845,681,681,681,29995,29996,
29997,29998]} 1. d4 d5 2. c4 e6 3. Nf3 c6 4. Nbd2 Nf6 5. g3 Nbd7 6. Bg2 Be7 7.
O-O O-O 8. Qc2 b6 9. e4 Bb7 {Black is not losing control despite White's early
advance with e4, as his position is very solid in the center and the plan of
c6-c5 forces White's hand.} 10. e5 Ne8 11. cxd5 cxd5 {It seems to be much
riskier to recapture with the e pawn, but there is no question about the
alternative being perfectly playable as well.} (11... exd5) 12. Re1 Rc8 13. Qa4
$1 {The queen is seemingly drifting in the wrong direction, as White's goal is
clearly the kingside attack. This clever move, however, makes speedy
counterplay on the queenside much more difficult.} (13. Qd1 Qc7) 13... Bc6 (
13... Qc7 14. Nf1 Qc2 (14... Qc4 15. Qxd7 Rc7 16. b3 Qxf1+ 17. Bxf1 Rxd7 18.
Bd2 $14) 15. Qxd7 Rc7) (13... Nc7 14. Bf1 (14. Nf1 b5 15. Qd1 a5 16. h4 a4 17.
N1h2 Ra8 18. Bf1 b4 19. Bd3 f5 20. exf6 Nxf6 21. Bf4 Ne4 $11 {1-0 (45) Nyback,
T (2634)-Lputian,S (2588) Kallithea 2008}) 14... Qe8 15. Kg2 Nb8 16. Qxa7 Ba8
17. Qxb6 Nc6 18. Qb3 f6 19. Qe3 Qf7 {0-1 (43) Donchenko,A (2554)-Giri,A (2771)
Reykjavik 2017} 20. Nb3 $16) (13... a5 14. Bf1 Nb8 15. a3 Ba6 16. Bxa6 Nxa6 17.
Nf1 Nec7 18. h4 Qe8 19. Qd1 Qd7 20. Bg5 f6 21. exf6 gxf6 22. Bh6 $16 {1-0 (50)
Meier,G (2648)-Ghaem Maghami,E (2585) Dresden 2010}) 14. Qd1 Bb5 15. Nf1 Nb8 {
The line has been played quite a few times, so there is nothing new under the
sun. Black would dearly like to improve his pieces in order to create
counterplay and distract White from attacking on the kingside.} (15... Qc7 16.
Ne3 Nb8 17. a3 a5 18. h4 a4 19. Bd2 Nc6 20. Rc1 Qb7 21. h5 Na5 22. Rxc8 Qxc8
23. h6 $16 {1-0 (43) Meier,G (2623)-Spiegel,S (2236) Germany 2013}) (15... Nc7
16. h4 f6 17. exf6 Bxf6 18. Bf4 Bxf1 19. Bxf1 Re8 20. Rc1 Nf8 21. Qa4 Re7 22.
Qxa7 $18 {1-0 (30) Kozul,Z (2588)-Bjerke,S (2181) Graz 2014}) 16. Ne3 (16. h4
Nc6 17. a3 Na5 18. Bg5 h6 19. Bd2 Bc4 20. Re3 Bxf1 21. Bxf1 Nc4 22. Rb3 a5 23.
a4 Nxd2 24. Qxd2 $16 {1/2-1/2 (63) Gunina,V (2487)-Pogonina,N (2442) Moscow
2011}) 16... Nc6 17. a3 {Call this prophylaxis or restriction, but it is the
last thing White would do if not absolutely necessary. The late Dvoretsky
understood the concept of slowing down the opponent's play very well...} (17.
h4 Nb4 18. Bf1 Bxf1 19. Rxf1 Nc6 $11) 17... a5 (17... Qd7 $5 18. h4 (18. b3 f5
$11) 18... Na5 19. b3 Rxc1 $5 20. Rxc1 Bxa3 21. Rb1 Bb4 22. Nd2 Nc6 23. Nc2 Bc3
24. Re3 Bxd4 25. Nxd4 Nxd4 26. Nf3 $11) 18. b3 (18. h4 a4 19. Bd2 Qd7 20. Rc1
$14) 18... Qd7 19. h4 Nc7 {The modern joke goes that computers were created in
order to make us a bit smarter - at least in chess! The ideas in the openings,
refined lines and evaluations in the middlegames - you do not meet many people
laughing at their impact on modern chess. The engine insists that a timely 19..
.f6!? has a fair chance of equalizing for the defender.} (19... f6 $5 20. exf6
(20. Bb2 f5 $11) 20... Nxf6 21. Ne5 Qe8 $11) 20. Ng4 Kh8 (20... Ba6 21. h5 $1
h6 22. Be3 $16) (20... h5 21. Ne3 Ba6 22. Ng5 g6 23. Bb2 $14) 21. Bf4 (21. h5
f5 22. exf6 gxf6 23. Bh3 $14) 21... Ba6 22. h5 {The strategical canon should
insist that you can play sucessfully with pawns only once you have your pieces
on the best squares. Naturally in practise it is quite difficult to judge on
the best moment to switch between piece and pawn dichotomy. The computer
claims that 22.Qd2! was a move with higher chances of success.} (22. Qd2 $1 Nb5
23. h5 f5 24. exf6 gxf6 25. Bf1 e5 26. Nfxe5 fxe5 27. Bxe5+ Nxe5 28. Nxe5 Qb7
29. Ng6+ hxg6 30. Qh6+ Kg8 31. Qxg6+ Kh8 32. Qh6+ Kg8 33. Re6 Bf6 34. Rxf6 Rxf6
35. Qxf6 $16) 22... f5 (22... h6 23. Bxh6 gxh6 24. Qd2 f5 25. Qxh6+ Kg8 26.
Nf6+ Bxf6 27. exf6 Qh7 28. Qg5+ Kh8 29. Nh4 $16) 23. exf6 gxf6 24. Bh3 {
Imperfection rules even on fairly high level! Once again the natural
improvement of the queen 24.Qd2! is hailed as the better solution to the
potentially dangerous advance e6-e5.} (24. Qd2 $1 e5 25. Nfxe5 fxe5 (25... Nxe5
26. Rxe5 $1 $16) 26. Bxe5+ Nxe5 27. Nxe5 Qf5 28. Ng6+ hxg6 29. Qh6+ Kg8 30.
hxg6 Qxf2+ 31. Kh2 Rf7 32. gxf7+ Qxf7 33. Rac1 $16) 24... Bd6 $2 {[%mdl 32]
Harff is much lower rated than his adversary, but so far he was holding
himself very respectfully. Only the worry about the e6 weakness made him
forget about the extreme importance of counterplay; much better was 24...Nb5!
as e6 can be protected with tricks:} (24... Nb5 $1 25. Ngh2 (25. Nh6 Nd8 $11)
25... Nd8 26. Qe2 Qb7 $1 27. Qb2 (27. Bxe6 Nxd4 28. Bxc8 Nxe2+ 29. Rxe2 Qxc8
30. Rxe7 $11) 27... Nc3 28. Bxe6 Nxe6 29. Rxe6 Bd8 30. Ree1 $14) 25. Qd2 (25.
Bxd6 Qxd6 26. Qd2 Qd7 27. Rac1 $16) 25... Bxf4 (25... Ne8 26. Bh6 Rf7 27. Qe3
Nd8 28. Nh4 $16) 26. Qxf4 Qf7 (26... Qg7 27. Rac1 Bb7 28. Ne3 $16) 27. Nh6 (27.
Rac1 Bb7 (27... Qxh5 $2 28. Rxc6 Qxh3 29. Nxf6 $18) 28. Nh6 $16) 27... Qd7 (
27... Qxh5 28. Bxe6 Ne5 29. Nxe5 fxe5 30. Rxe5 Rxf4 31. Rxh5 Nxe6 32. gxf4 $16)
28. Rac1 Bb7 29. Nf5 $1 {Black is carefully watching the sky and all he sees
are ever darker clouds. Esipenko jumps with a knight onto the forbidden square,
but with a perfect justification.} Rcd8 (29... exf5 30. Bxf5 Qf7 (30... Qd8 31.
Bxc8 Qxc8 32. Rxc6 Bxc6 33. Re7 $18) (30... Qg7 31. h6 Qf7 32. Bxc8 Rxc8 33.
Rxc6 Bxc6 34. Ne5 $18) 31. Bxc8 Rxc8 32. Rxc6 Bxc6 33. Ne5 Qe8 34. Qxf6+ (34.
Ng6+ hxg6 35. Qxf6+ Kh7 36. Rxe8 Bxe8 (36... Nxe8 37. Qxg6+ Kh8 38. Qh6+ Kg8
39. Qe6+ $18) 37. h6 Kxh6 38. Qh8+ Kg5 39. Qh4+ Kf5 40. Qh3+) 34... Kg8 35. h6
$18) (29... Ne8 30. N5h4 Nc7 31. a4 $16) 30. Rxc6 Bxc6 (30... Qxc6 31. Ne5 Qc3
32. Ng6+ Kg8 33. Rc1 $18) 31. Ne5 $1 {It seems fitting to spend some moments
admiring the attacking potential of the pair of knights. On their own the two
horses are very clumsy, but in the attack, supported by a few other mightier
pieces, they can become magical.} Qe8 (31... fxe5 32. Qxe5+ $18) 32. Ng6+ (32.
Ng6+ Kg8 33. Nfe7+ (33. Nxf8 Qxf8 34. Qxc7 $18) 33... Kf7 34. Qxc7 hxg6 (34...
Bd7 35. Nxf8 (35. Nf5 exf5 36. Rxe8 Rfxe8 37. Bxf5) 35... Kxf8 36. Nxd5 $18)
35. Bxe6+ Kg7 36. Nf5+) 1-0

[Event "Las Palmas"]
[Site "Las Palmas"]
[Date "1993.??.??"]
[Round "4"]
[White "Christiansen, Larry Mark"]
[Black "Adams, Michael"]
[Result "0-1"]
[WhiteElo "2620"]
[BlackElo "2630"]
[Annotator "Ftacnik,L"]
[PlyCount "124"]
[EventDate "1993.06.??"]
[EventType "tourn"]
[EventRounds "9"]
[EventCountry "ESP"]
[EventCategory "16"]
[SourceTitle "CBM 036"]
[Source "ChessBase"]
[SourceDate "1993.10.01"]
[SourceVersion "1"]
[SourceVersionDate "1993.10.01"]
[SourceQuality "1"]

1. d4 Nf6 2. Nf3 e6 3. c4 b6 4. g3 Ba6 5. b3 c6 6. Bg2 d5 7. O-O Nbd7 8. Nbd2
Be7 9. Bb2 O-O 10. Qc2 Rc8 11. Rfd1 (11. e4) 11... c5 12. dxc5 $6 (12. e4 cxd4
13. exd5 e5) (12. Rac1 $1) 12... Bxc5 13. e3 Qe7 14. Ne5 Nxe5 15. Bxe5 Bb7 16.
Qb2 Rfd8 17. cxd5 (17. Bxf6 Qxf6 18. Qxf6 gxf6 19. cxd5 Bxd5 20. Bxd5 Rxd5 21.
Ne4 Rxd1+ 22. Rxd1 f5 23. Nf6+ Kg7 $10) 17... Nxd5 18. Nc4 (18. Bxg7 Ba3 (18...
Nxe3 19. Bf6 Nxd1 20. Rxd1 Bxf2+ $1) 19. Qe5 (19. Qd4 Nc3) 19... f6 20. Bxf6
Nxf6 21. Bxb7 Rc5) 18... b5 19. Na5 Ba8 20. a3 f6 21. b4 $6 (21. Bd4 Bb6 22. b4
Bxa5 23. bxa5 e5 24. e4 $13) 21... Bxe3 $1 22. fxe3 Nxe3 23. Rxd8+ Qxd8 24. Nb7
(24. Bxa8 Rc2 25. Qb3 Qxa8 26. Qxe6+ Kh8 27. Nb7 fxe5 $19) 24... Qd3 (24... Qd7
25. Nc5 Rxc5 26. bxc5 Nxg2 27. Qd4 Qc6 28. Rd1 $40) 25. Bh3 $2 (25. Nc5 Rxc5
26. bxc5 Bxg2 (26... Nxg2 27. Qd4 Nf4 28. Qxd3 Nxd3 29. Rd1 $1 Be4 30. Bd6 Nb2
31. Rd4 Bc6 32. Bb8 $16) 27. Qd4 Qe2 28. Qd7 h6 29. Bxf6 Nf5 $19) 25... Qd5 $1
26. Qd4 Bxb7 $2 (26... Qxb7 $19) 27. Qxd5 Bxd5 28. Bd4 Nc2 29. Rc1 Rc4 30. Bxa7
Nxa3 31. Re1 Kf7 (31... Rxb4 $19) 32. Bc5 Rc2 (32... Nc2 33. Rc1 $1) 33. Ra1
Ra2 34. Rxa2 Bxa2 35. Bg2 Bd5 36. Bf1 Nc4 37. Kf2 (37. Bxc4 bxc4 $19) 37... g6
38. h4 e5 39. Bh3 f5 40. Bf1 Bc6 41. Bd3 Ke6 42. Be2 Nd6 43. Bd3 Ne8 (43... Nf7
44. Bc2 h6 45. g4 $17) 44. Bf8 Nf6 45. Ke3 $2 (45. Ke1 $17) 45... Kf7 $1 46.
Bd6 Nd7 47. Bc7 Ke6 48. Bd8 Nf6 49. Kf2 Nd5 50. Ba5 h6 51. Bc2 g5 52. hxg5 hxg5
53. Bb3 f4 54. Kf3 Kd6 55. Kf2 (55. Kg4 Ne3+ 56. Kxg5 f3 $19) 55... Kd7 56. Bc2
Ne3 57. Bg6 Ke6 58. Bd8 Ng4+ 59. Kg1 Nf6 60. Kf1 fxg3 61. Bc2 Ng4 62. Kg1 (62.
Bxg5 Nh2+ 63. Ke2 Nf3 $19) 62... Nf2 0-1

[Event "Altensteig"]
[Site "Altensteig"]
[Date "1995.??.??"]
[Round "2"]
[White "Wojtkiewicz, Aleksander"]
[Black "Luther, Thomas"]
[Result "1-0"]
[WhiteElo "2570"]
[BlackElo "2550"]
[Annotator "Ftacnik,L"]
[PlyCount "49"]
[EventDate "1995.08.??"]
[EventType "tourn"]
[EventRounds "11"]
[EventCountry "GER"]
[EventCategory "12"]
[SourceTitle "CBM 049"]
[Source "ChessBase"]
[SourceDate "1995.12.01"]
[SourceVersion "1"]
[SourceVersionDate "1995.12.01"]
[SourceQuality "1"]

1. Nf3 d5 2. d4 e6 3. c4 c6 4. Nbd2 Nf6 5. g3 Be7 6. Bg2 O-O 7. O-O b6 8. b3
Bb7 9. Bb2 Nbd7 10. Qc2 Rc8 11. e4 c5 12. exd5 exd5 13. Rad1 dxc4 (13... Re8
14. Qb1 Qc7 15. Rfe1 Bf8 16. Qa1 Rxe1+ 17. Rxe1 Re8 18. Rxe8 Nxe8 19. Qe1 Nef6
20. Ne5 dxc4 21. Bxb7 Qxb7 22. Ndxc4 cxd4 {1/2-1/2 Chloupek,S-Jirovsky,P/
CZE-chT 1993}) 14. Nxc4 {/\ d5} b5 (14... cxd4 15. Nxd4 Bxg2 16. Kxg2 $14) (
14... Be4 15. Qd2 $1 b5 (15... cxd4 16. Nxd4 $16 {><f5, <->d}) 16. Ne3 c4 17.
bxc4 bxc4 {/\ Bd3, Ne4-/+} 18. d5 $5 $14 (18. Ne1 $4 Bxg2 19. Kxg2 c3 20. Bxc3
Ne4 $19) 18... Bd3 $6 (18... Bd6 $8 19. Rfe1 {/\ Ng4} Bd3 (19... Bxf3 20. Bxf3
Ne5 21. Bxe5 Bxe5 22. Nxc4 Bxg3 23. hxg3 Rxc4 24. d6 $16) 20. Nd4 $14 {><c6})
19. Nd4 $16 Bxf1 20. Kxf1 Nb8 $6 (20... Ne5 $16) 21. Ndf5 {/\ d6+-} Re8 $6 (
21... g6 22. Nxe7+ Qxe7 23. Nf5 Qd8 24. Qh6 $18) (21... Bc5 $16) 22. Nxg7 $3
Kxg7 (22... c3 23. Bxc3 Rxc3 24. Nxe8 Rxe3 25. Nxf6+ Bxf6 26. Qxe3 $18) 23.
Nf5+ Kh8 (23... Kg6 24. Qh6+ Kxf5 25. Bh3+ Ng4 26. Bxg4+ Kxg4 27. Rd4+ Kf5 28.
Rf4#) 24. Qh6 Rg8 25. Nxe7 Nbd7 $8 26. Nxc8 $1 Rg6 27. Nd6 $18 {1-0 Skembris,
S-Priehoda,V/Dortmund (open) 54/491 1992 (28)}) 15. Nce5 (15. d5 $5 bxc4 16. d6
$44 {|^}) (15. Ncd2 c4 $5 $13) 15... cxd4 16. Qe2 Nxe5 17. Qxe5 (17. Nxe5 Bxg2
18. Kxg2 Qd5+ 19. Nf3 Qb7 20. Bxd4 Rfe8 21. Bxf6 {1/2-1/2 Hansen,LB-Danielsen,
H/Espergarde PC (07) 1992}) 17... Bxf3 (17... Rc2 18. Nxd4 (18. Bxd4 $14) 18...
Rc5 (18... Rxb2 19. Bxb7 (19. Nc6 $6 Rxf2 $3 20. Nxe7+ (20. Rxd8 Rxg2+ 21. Kxg2
Bxc6+ 22. Kh3 Bxd8 $17) 20... Qxe7 (20... Kh8 21. Kxf2 Ng4+ 22. Kg1 Nxe5 23.
Rxd8 Rxd8 24. Bxb7 $18) 21. Qxe7 Rxg2+ 22. Kh1 Bc6 23. Qd6 Rc2+ 24. Kg1 Ne8 $1)
19... Bd6 20. Qxb5 Rxa2 21. Nf5 $16) 19. Qe2 $13) 18. Bxf3 Bc5 19. b4 $1 Bxb4
$2 (19... Re8 20. Qf4 $14) (19... Bb6 20. Bxd4 Re8 21. Bxb6 Qxb6 22. Qf5 g6 $10
) 20. Bxd4 Qa5 (20... a6 21. Bb7 $36) 21. Qf5 Bc3 (21... Qxa2 $2 22. Bxf6 gxf6
23. Qg4+ Kh8 24. Qxb4 $18) 22. Bxf6 Bxf6 (22... gxf6 23. Be4 Rfe8 24. Qxh7+ Kf8
25. Rd7 $18) 23. Be4 Rfd8 (23... Rfe8 24. Qxh7+ Kf8 25. Rd7 $18) 24. Qxh7+ Kf8
25. Bd5 $1 (25. Bd5 $1 Bc3 (25... Re8 26. Qh8+ Ke7 27. Rfe1+ Kd7 28. Bxf7+ $18)
26. Rd3 $18) 1-0

[Event "DEN-ch"]
[Site "Denmark"]
[Date "1996.??.??"]
[Round "3"]
[White "Andreasen, Per Naesby"]
[Black "Danielsen, Henrik"]
[Result "0-1"]
[WhiteElo "2325"]
[BlackElo "2485"]
[Annotator "Hecht,H"]
[PlyCount "116"]
[EventDate "1996.??.??"]
[EventType "tourn"]
[EventRounds "9"]
[EventCountry "DEN"]
[EventCategory "9"]
[SourceTitle "CBM 053"]
[Source "ChessBase"]
[SourceDate "1996.08.01"]
[SourceVersion "1"]
[SourceVersionDate "1996.08.01"]
[SourceQuality "1"]

1. Nf3 Nf6 2. c4 e6 3. g3 d5 4. Bg2 Be7 5. O-O O-O 6. d4 Nbd7 7. Qc2 c6 8. Nbd2
b6 9. b3 Bb7 10. e4 Rc8 11. Bb2 Qc7 12. Rfe1 dxe4 13. Nxe4 c5 14. Nxf6+ Bxf6
15. dxc5 Bxf3 16. Bxf3 bxc5 17. Rad1 Rfd8 18. Rd2 Ne5 19. Bxe5 Bxe5 20. Red1
Rxd2 21. Qxd2 a5 22. Qd7 Bd4 23. Qxc7 Rxc7 24. Kg2 f5 25. Ba8 Kf7 26. f4 Kf6
27. h4 g6 28. Kf3 Re7 29. Rd2 h6 30. g4 g5 31. hxg5+ hxg5 32. fxg5+ Kxg5 33.
gxf5 exf5 34. Rg2+ Kf6 35. Re2 Rh7 36. Bd5 Rh3+ 37. Kg2 Rc3 38. Re6+ Kg5 39.
Re2 Kg4 40. Be6 Rg3+ 41. Kh1 Kf3 42. Rg2 Rxg2 43. Bd5+ Kf2 44. Bxg2 {[#]
ungleiche L, schlechte wK-Position, schwarzer f-Freibauer bindet L+K an f1,
Zugzwangmanöver erzwingt Fall der w Damenflügelbauern} Be5 45. Bh3 f4 46. Bf5
f3 47. Bg4 Kg3 48. Bh5 Bd4 49. Bg6 f2 50. Bd3 Kf3 51. Bf1 Ke3 52. Kg2 Kd2 53.
Kf3 Ke1 $1 (53... Kc2 54. Ke2 Kb2 55. Kd1 Kxa2 56. Kc2 Ka3 57. Be2 $10) 54. Kg2
Bc3 $1 (54... Be3 $5) 55. Bd3 Bb2 $1 56. Bf1 Bd4 $1 57. Bd3 Kd2 58. Be4 (58.
Bf1 Kc2 59. Be2 (59. Kf3 {King} Kb2 $19) 59... Kb2 60. Kf1 Kxa2 61. Bd1 Kb2 62.
Ke2 Kc1 $19 {Zugzwang}) 58... Ke2 0-1

[Event "Hoogovens op"]
[Site "Wijk aan Zee"]
[Date "1995.01.??"]
[Round "3"]
[White "Cifuentes Parada, Roberto"]
[Black "Tregubov, Pavel V"]
[Result "1/2-1/2"]
[WhiteElo "2535"]
[BlackElo "2515"]
[Annotator "Hecht,H"]
[PlyCount "132"]
[EventDate "1995.01.??"]
[EventType "swiss"]
[EventRounds "12"]
[EventCountry "NED"]
[SourceTitle "CBM 046"]
[Source "ChessBase"]
[SourceDate "1995.06.01"]
[SourceVersion "1"]
[SourceVersionDate "1995.06.01"]
[SourceQuality "1"]

1. d4 d5 2. c4 c6 3. Nf3 e6 4. Qc2 Nf6 5. Nbd2 Nbd7 6. g3 c5 7. cxd5 exd5 8.
Bg2 Be7 9. O-O O-O 10. b3 b6 11. dxc5 Nxc5 12. Nd4 Ba6 13. Bb2 Rc8 14. Qf5 Re8
15. Rac1 Bd6 16. Rfe1 Rc7 17. Qb1 Nce4 18. Nxe4 Nxe4 19. Rxc7 Qxc7 20. Nf5 Bf8
21. Qa1 f6 22. Bd4 Qd7 23. Bh3 Qf7 24. f3 Ng5 25. Bf1 Qe6 26. Ne3 Bb4 27. Rd1
Bc5 28. Kf2 Nh3+ 29. Kg2 Bxd4 30. Qxd4 Qxe3 31. Qxe3 Rxe3 32. Kxh3 Bxe2 33.
Bxe2 Rxe2 34. Rxd5 Rxa2 35. b4 Kf7 36. Rd7+ Kg6 37. g4 a6 38. b5 axb5 39. Rd6
Rc2 40. Rxb6 {Die aktiven weissen Figuren halten leicht remis. Der Rb6 steht
hinter dem Freibauern!} Rc5 41. Kg3 h5 42. h3 Kh6 43. Rb8 g5 44. h4 hxg4 45.
fxg4 gxh4+ 46. Kxh4 Kg6 47. Rb7 Rd5 48. Rb6 Kf7 49. Kg3 Kg6 50. Kh4 Rg5 51. Rb7
Rc5 52. Rb6 Kf7 53. Kg3 Rc3+ 54. Kh4 Rb3 55. g5 Rb4+ 56. Kh5 fxg5 57. Kxg5 Ke7
58. Kf5 Kd7 59. Ke5 Kc7 60. Rh6 Kb7 61. Kd5 Rc4 62. Rg6 Kc7 63. Rh6 Rc1 64. Kd4
b4 65. Kd3 b3 66. Rh2 Kc6 1/2-1/2

[Event "GER-ch 70th"]
[Site "Bremen"]
[Date "1998.11.13"]
[Round "8"]
[White "Lobron, Eric"]
[Black "Knaak, Rainer"]
[Result "1-0"]
[WhiteElo "2540"]
[BlackElo "2555"]
[Annotator "Knaak,R"]
[PlyCount "85"]
[EventDate "1998.11.06"]
[EventType "swiss"]
[EventRounds "9"]
[EventCountry "GER"]
[SourceTitle "CBM 068"]
[Source "ChessBase"]
[SourceDate "1999.02.01"]
[SourceVersion "1"]
[SourceVersionDate "1999.02.01"]
[SourceQuality "1"]

1. c4 e6 2. Nf3 Nf6 3. g3 d5 4. Bg2 c6 5. Qc2 Nbd7 (5... c5) 6. d4 Be7 7. O-O
O-O 8. b3 b6 9. Bb2 {Der Läufer steht manchmal auf der Diagonalen c1-h6 besser,
deshalb sollte Weiß noch warten.} ({Mehr Aussichten auf Vorteil verspricht} 9.
Rd1 {, um auf 9...Ba6 mit 10.Nbd2 zu reagieren und auf 9...Bb7 mit 10.Nc3.})
9... Ba6 10. Nbd2 Rc8 11. e4 c5 12. exd5 exd5 13. Rfe1 (13. Qf5 {wurde einige
Male gespielt.}) 13... cxd4 14. Nxd4 b5 $1 {Hatte er übersehen. Schwarz hat
nun keine Probleme mit dem Ausgleich, aber ich träumte schon von mehr.} 15.
Rad1 Bc5 16. Nf5 Qb6 17. Ne7+ $1 {Weiß sichert sich das Läuferpaar.} Bxe7 18.
Rxe7 bxc4 19. bxc4 dxc4 (19... Qc5 20. Rde1 Bxc4) 20. Ne4 c3 (20... Nxe4 $1 21.
Bxe4 Nf6 22. Bd4 {Als ich den sah, verwarf ich die Variante, aber} (22. Bxf6
Qxf6 23. Rxa7 Rb8 $15) {es geht weiter:} 22... Qd6 $1 23. Rxa7 Nxe4 24. Bxg7 $1
(24. Qxe4 $2 Rfd8 $1 {Die Fesselung ist tödlich.} 25. Qg4 g6 26. Qg5 c3 27. Qh6
Qxd4 28. Rxd4 Rxd4 $19) 24... Qb6 25. Rxa6 (25. Qxe4 Kxg7 $1 (25... Qxa7 $2 26.
Bf6 $18) 26. Qe5+ Kg8 27. Qg5+ $11) 25... Qxf2+ 26. Qxf2 Nxf2 27. Kxf2 Kxg7 $11
) 21. Bxc3 Nxe4 22. Bxe4 Nf6 23. Bf3 Qc5 24. Re3 Rfe8 (24... h5 $5) 25. Qd2 $1
{Den hatte ich übersehen.} Qf5 $2 (25... Rxe3 26. Qxe3 Qxe3 27. fxe3 {könnte =
sein,}) 26. Rxe8+ Nxe8 27. Qe3 {Weiß steht deutlich besser.} h5 28. Kg2 Bc4 $2
29. a3 (29. Bb7 $1 $18) 29... Be6 30. Be5 Qh3+ 31. Kg1 a6 32. Qf4 f6 33. Bd4
Bc4 (33... Bf7 34. Bb7) 34. Re1 Bf7 35. Be4 Be6 36. Bb7 $1 Rd8 37. Bb6 Rd3 38.
Bg2 Qg4 39. Qxg4 Bxg4 40. Rxe8+ Kf7 41. Re1 Rxa3 42. Bd5+ Kg6 43. Kg2 1-0

[Event "Malmo"]
[Site "Malmo"]
[Date "1994.??.??"]
[Round "3"]
[White "Krasenkow, Michal"]
[Black "Hansen, Curt"]
[Result "0-1"]
[WhiteElo "2565"]
[BlackElo "2580"]
[Annotator "Krasenkow,M"]
[PlyCount "84"]
[EventDate "1994.06.??"]
[EventType "tourn"]
[EventRounds "9"]
[EventCountry "SWE"]
[EventCategory "12"]
[SourceTitle "CBM 042"]
[Source "ChessBase"]
[SourceDate "1994.10.01"]
[SourceVersion "1"]
[SourceVersionDate "1994.10.01"]
[SourceQuality "1"]

1. d4 Nf6 2. c4 e6 3. g3 d5 4. Bg2 Be7 5. Nf3 O-O 6. O-O Nbd7 7. Qc2 c6 8. Nbd2
b6 9. e4 Bb7 10. b3 Rc8 11. Bb2 c5 12. exd5 exd5 13. Nh4 $5 cxd4 14. Bxd4 Bc5
15. Bc3 Re8 16. Nf5 g6 $5 (16... Bf8) 17. Nh6+ Kf8 18. Qb2 $2 (18. Rfe1 Rxe1+ (
18... Qc7 19. Qb2 $13) (18... Kg7 19. Ng4 d4 20. Bxb7 (20. Nxf6 Nxf6 21. Rxe8
Qxe8 22. Bxb7 dxc3 23. Qxc3 Rd8 $44) 20... Rc7 21. Nxf6 Nxf6 22. Rxe8 Qxe8 23.
Bb2 $14) 19. Rxe1 Kg7 20. Ng4 d4 21. Bxb7 (21. Nxf6 Nxf6 22. Bxb7 dxc3 23. Qxc3
Bd4 $44 {/\ 24...Rc5}) 21... Nxg4 22. Bb2 (22. Bxc8 dxc3 23. Qxc3+ Kg8 24. Bxd7
Bxf2+ 25. Kf1 Bxe1 $10) 22... Rc7 23. Bg2 Ndf6 24. Qd3 Re7 $13) 18... d4 $1 19.
Bxb7 dxc3 20. Qxc3 Rc7 21. Bg2 Ne5 22. Ne4 $6 (22. Nf3 $2 Ne4 (22... Qd3 $5)
23. Qb2 Nxf3+ 24. Bxf3 Bd4 $19) (22. Rad1 $1 Rd7 $1 (22... Bd4 23. Qc2 Kg7 24.
Nf3 $13) 23. b4 $1 Rd3 $1 (23... Bd4 24. Qc2 Kg7 25. Nb3 $13) 24. Qb2 (24. Qc1
Bxb4) 24... Bd4 25. Qc2 (25. Qb1 Kg7 26. Nb3 (26. Ne4 Nxe4 27. Bxe4 Bxf2+ $1
28. Kg2 Rxd1 29. Rxd1 Qg5 30. Kxf2 (30. Nxf7 Kxf7 31. Bd5+ Kg7 32. Kxf2 Ng4+
$19) 30... Qxh6 $19 {->}) 26... Kxh6 27. Bd5 Nxd5 28. Rxd3 Nf4 $1 $19) (25. Qc1
Rc3 26. Qb1 Kg7) 25... Kg7 26. Ne4 (26. Nb3 Kxh6 27. Rxd3 Nxd3 28. Nxd4 Qxd4
29. Rd1 Kg7 30. Rxd3 Re1+ 31. Bf1 Qa1 $19) 26... Nxe4 27. Bxe4 Rc3 28. Qd2 Rxc4
$17) 22... Nxe4 23. Bxe4 Bd4 24. Qb4+ Kg7 25. Rad1 Rd7 $1 26. Nxf7 Kxf7 $19 27.
Qb5 Kg7 28. Kg2 (28. Bd5 a6 $1 29. Qa4 b5 30. Qxa6 Rxd5 31. cxd5 Qxd5 $19)
28... Bc5 29. Bd5 a5 30. h3 Ree7 31. Qa4 Rd6 32. Rfe1 Nd7 (32... Nc6 $142) (
32... Nf7 $5) 33. a3 Rxe1 34. Rxe1 Qf6 35. Re2 Ne5 36. f4 Nc6 (36... Nd3 37. b4
axb4 38. axb4 Nxb4 {-> 36...Nc6}) 37. b4 axb4 38. axb4 Nxb4 39. Qa7+ Kh6 40. g4
(40. Re7 Qh8 41. g4 Qb2+ 42. Kh1 Qc1+ 43. Kg2 Qg1+ 44. Kf3 Qf2+ 45. Ke4 Qe3#)
40... Rxd5 $1 (40... g5 $4 41. Be4 Qh8 42. h4 $18) (40... Qxf4 $1 41. Bg8 Nd3
42. Qxh7+ Kg5 $19) 41. cxd5 Qxf4 42. Qd7 Nc2 $1 0-1